000
00244nam a22000977a 4500
008
241128b |||||||| |||| 00| 0 eng d
020
_a
9781974718719
100
_a
Akutami Gege
_9
7692
245
_a
Jujutsu Kaisen-8
260
_a
Italy
_b
Shueisha
_c
2024
999
_c
12707
_d
12707